[Event "Champions Showdown Kings Rapid 2019-C"]
[Site "Saint Louis"]
[Date "2019.02.19"]
[Round "10.3"]
[White "So, Wesley"]
[Black "Navara, David"]
[Result "1/2-1/2"]
[WhiteElo "2765"]
[BlackElo "2738"]
[Annotator "TA"]
[PlyCount "104"]
[EventDate "2019.02.09"]
[EventType "match (rapid)"]
[EventCountry "USA"]
[SourceTitle "playchess.com"]
[Source "ChessBase"]
[SourceQuality "1"]

{[%evp 14,104,30,9,27,17,16,17,24,16,14,3,4,3,6,4,10,5,0,1,11,0,0,0,0,0,0,0,7,7,7,0,2,0,42,43,55,54,47,50,50,39,41,41,66,41,41,38,47,47,83,12,12,12,12,0,132,132,132,132,132,132,132,132,132,37,37,0,0,0,0,0,0,0,0,0,0,0,0,0,0,0,0,0,0,0,0,0,0,0,0,0,0]} 1. Nf3 Nf6 2. c4 e6 3. Nc3 d5 4. d4 c5 5. cxd5 Nxd5 6. g3 cxd4 7. Nxd5 Qxd5 8. Qxd4 Qb5 {D41: Queen's Gambit Declined: Semi-Tarrasch with 5 cxd5} 9. e4 Qb4+ 10. Bd2 Nc6 11. Qxb4 Bxb4 12. a3 Bxd2+ 13. Kxd2 {[#]} e5 $146 ({Predecessor:} 13... Ke7 14. Ke3 Bd7 15. Rc1 Rac8 16. Bb5 {½-½ (30) Sargissian,G (2667)-Lenic,L (2621) Legnica 2013}) 14. Bb5 {Black must now prevent Nxe5.} Bd7 15. Ke3 {Threatening Bxc6.} f6 16. Rac1 Ke7 17. Rc3 a6 18. Bc4 Rhc8 19. Rhc1 Na7 20. Nd2 Nb5 21. Bxb5 Rxc3+ 22. Rxc3 {[#] Threatens to win with Bxd7.} axb5 $11 {[%mdl 4096] Endgame KRB-KRN} 23. f4 b4 24. axb4 Ra4 25. fxe5 fxe5 26. Rc4 b5 27. b3 Ra3 $1 28. Rc5 Kf6 29. Rd5 Ke6 30. Kd3 g5 31. g4 Ra1 32. Nf3 (32. Rc5 $16) 32... Rd1+ 33. Ke3 Rxd5 34. Nxg5+ Kd6 (34... Kf6 $1 $11 {keeps the balance.} 35. Nxh7+ Kg7 36. exd5 Kxh7) 35. exd5 $16 Bxg4 36. Nxh7 {KB-KN} Bd1 37. Nf6 Bxb3 38. h4 {[#] And now h5 would win.} Ke7 39. Ng8+ ({White should play} 39. Ng4 $16 {Ke4 is the strong threat.} Bxd5 40. Nxe5) 39... Kf8 $1 $14 40. Ke4 Kxg8 {The position is equal.} 41. Kxe5 $11 {KB-K3P} Kf7 42. Kd6 Ke8 $1 43. h5 Kd8 $1 44. Kc5 Bc4 $1 45. Kd4 Bb3 46. h6 {Threatening mate with h7.} Bc2 47. Kc5 Bd3 $1 48. Kc6 Kc8 $1 49. d6 Kd8 50. d7 Be4+ 51. Kxb5 Kxd7 52. Kb6 Ke6 {Precision: White = 66%, Black = 74%.} 1/2-1/2

[Event "Champions Showdown Kings Rapid 2019-C"]
[Site "Saint Louis"]
[Date "2019.02.19"]
[Round "11.3"]
[White "Navara, David"]
[Black "So, Wesley"]
[Result "1-0"]
[WhiteElo "2738"]
[BlackElo "2765"]
[Annotator "TA"]
[PlyCount "105"]
[EventDate "2019.02.09"]
[EventType "match (rapid)"]
[EventCountry "USA"]
[SourceTitle "playchess.com"]
[Source "ChessBase"]
[SourceQuality "1"]

{[%evp 12,105,17,16,16,7,18,0,0,0,6,22,11,0,32,31,20,18,31,24,29,0,8,0,0,0,36,50,76,104,122,115,115,88,91,95,93,97,83,87,93,82,91,79,85,81,70,8,63,54,61,18,18,19,37,17,19,14,17,20,161,158,57,0,0,0,50,70,57,0,0,0,59,56,56,57,59,60,64,80,347,358,354,297,507,504,521,521,516,500,1371,1371,1371,1371,1275,1221]} 1. c4 Nf6 2. Nc3 e5 3. g3 Bb4 4. Bg2 O-O 5. e4 Bxc3 6. bxc3 Re8 7. d3 h6 {A21: English Opening: 1...e5 2 Nc3} (7... c6 8. Nf3 d5 9. cxd5 cxd5 10. exd5 Nxd5 11. Qc2 Qc7 12. O-O Qxc3 13. Qxc3 Nxc3 14. Bb2 Na4 15. Bxe5 {½-½ (33) Giri,A (2778)-Aronian,L (2781) London 2015}) 8. Ne2 c6 9. O-O d5 {The position is equal.} 10. exd5 cxd5 11. cxd5 Nxd5 12. Qb3 Nb6 $146 13. c4 Nc6 14. Be3 Bg4 15. Rfe1 Qd7 16. Rab1 Rad8 17. c5 $36 {[%mdl 2048] White has some pressure.} Nd5 18. Qxb7 Qxb7 19. Rxb7 Ncb4 20. Nc3 Nxe3 21. Rxe3 (21. fxe3 $6 Nxd3 22. Rf1 Nxc5 $11) 21... Nc2 22. Bd5 Nxe3 23. Bxf7+ {[%mdl 64] Double Attack} (23. fxe3 $6 Be6 $11) 23... Kf8 24. Bxe8 Kxe8 25. fxe3 Rxd3 26. Rxg7 $16 {[%mdl 4096] Endgame KRB-KRN} Bh3 27. Ne4 Rxe3 28. Nd6+ Kf8 29. Rf7+ ({Not} 29. Rxa7 $2 Rf3 $19) 29... Kg8 30. Kf2 $1 {[%cal Rf2e3]} ({Wrong is} 30. Rxa7 $2 Rf3 $19) 30... Ra3 31. c6 Rxa2+ 32. Ke3 {Strongly threatening c7.} Ra3+ 33. Ke4 {c7 is the strong threat.} Bg2+ 34. Kxe5 {Threatens to win with c7.} Bxc6 35. Rc7 Ra5+ (35... Bg2 $11) 36. Kf6 $1 $18 Ra6 ({Better is} 36... Ba4 $16 37. Kg6 Kf8) 37. Rc8+ (37. Rg7+ $14 Kf8 38. Rh7) 37... Kh7 $11 {Hoping for ...Bd7.} 38. Rc7+ Kg8 39. Rg7+ Kf8 {White must now prevent ...Be8.} 40. Rf7+ (40. Rh7 $1 $14 Bd5 41. Ke5) 40... Kg8 41. Rg7+ (41. Rc7 $11) 41... Kf8 $14 {aiming for ...Be8.} 42. Rh7 $1 {[%cal Rh7h8]} Bd5 43. Ke5 Bg8 44. Rxh6 {And now Rf6+ would win.} Ra5+ $1 45. Kf6 Ra2 $2 {[%mdl 8192] [#]} (45... Rc5 $16 {was worth a try.}) 46. Kg5 $1 $18 a5 47. Nf5 a4 $2 (47... Bc4 48. h4 a4 49. Rh8+ Kf7 50. Nd6+ Kg7) 48. Rh8 {White is clearly winning.} Rb2 49. Nh6 Rb5+ {[#]} 50. Kh4 $1 Kg7 (50... Ke7 $142 51. Rxg8 Ra5) 51. Rxg8+ Kxh6 52. Ra8 a3 53. Ra6+ {Accuracy: White = 72%, Black = 60%.} 1-0

[Event "Champions Showdown Kings Rapid 2019-C"]
[Site "Saint Louis"]
[Date "2019.02.19"]
[Round "12.3"]
[White "So, Wesley"]
[Black "Navara, David"]
[Result "1-0"]
[WhiteElo "2765"]
[BlackElo "2738"]
[Annotator "TA"]
[PlyCount "145"]
[EventDate "2019.02.09"]
[EventType "match (rapid)"]
[EventCountry "USA"]
[SourceTitle "playchess.com"]
[Source "ChessBase"]
[SourceQuality "1"]

{[%evp 9,145,10,4,4,13,1,24,19,8,19,0,0,0,0,24,28,29,22,48,29,30,17,50,35,40,32,47,38,39,18,15,18,6,6,31,22,31,15,22,26,67,59,57,54,97,0,85,76,196,199,199,195,271,115,116,110,111,79,205,213,204,200,226,224,231,231,231,231,231,231,231,224,224,190,320,320,1822,1473,29942,29942,29960,29961,29963,29964,29966,29966,29965,29965,29965,29965,29973,29974,29973,29975,29975,29976,29974,29969,29972,29974,29977,29974,29982,29983,29984,29985,29985,29986,29986,29978,29978,29977,29979,29978,29980,29981,29981,29978,29977,29978,29978,29979,29979,29980,29980,29981,29981,29980,29982,4137,29983,29984,29984,29985,29985,29986,29987,29988]} 1. e4 c6 2. d4 d5 3. e5 c5 4. Nf3 cxd4 5. Nxd4 Nc6 (5... e6 6. Nd2 Ne7 7. Bd3 Nec6 8. N2f3 Nxd4 9. Nxd4 Nc6 10. Nf3 Bc5 11. O-O h6 12. c3 a6 13. Re1 {1-0 (57) Jones,G (2682)-Indjic,A (2620) St Petersburg 2018}) 6. c4 {B12: Caro-Kann: Advance Variation} e6 7. Nc3 Bc5 8. Nxc6 {White has an edge.} bxc6 9. Be2 Ne7 10. O-O Ng6 11. Na4 Be7 12. f4 O-O $146 13. Be3 f6 14. exf6 Bxf6 15. Bd3 (15. Bc5 {looks sharper.} Re8 16. Rc1 e5 17. cxd5 cxd5 18. fxe5 Nxe5 19. Rc3) 15... e5 {Strongly threatening ...e4.} 16. Bxg6 hxg6 17. fxe5 Bxe5 18. Rxf8+ Kxf8 19. cxd5 (19. Bd4 {seems wilder.} Bd6 20. Qd2 Qc7 21. Bc5 Kg8 22. Bxd6 Qxd6 23. cxd5 Be6 24. Rd1) 19... Qxd5 20. Qxd5 cxd5 21. Rd1 Bb7 22. Bd4 Re8 23. Kf2 Bc6 (23... Bxh2 $2 24. g3 $18) 24. Nc3 Bb8 ({Not} 24... Bxh2 $2 25. g3 $18) 25. Nxd5 Kf7 26. Ne3 Rd8 27. Nc4 (27. Bc5 $16 Rxd1 28. Nxd1) 27... a6 (27... Bxh2 $11 28. g3 Kg8) 28. Rd2 $16 Bxh2 (28... Rh8 $16) 29. g3 $18 {Threatens to win with Ne5+.} Kg8 {White should prevent ...Rf8+.} 30. Bc5 $1 Rc8 (30... Re8 {was worth a try.} 31. b4 Kh7) 31. Be7 (31. Bd6 $1 $18) 31... Rc7 $16 32. Ne5 Bh1 33. Bg5 Kh7 (33... Rc5 $16 34. Re2 a5) 34. Rd7 $1 $18 {[%cal Rd7c7]} Rc2+ {[#]} 35. Bd2 $1 Rc8 36. Nf7 Kg8 {White must now prevent ...Rf8.} 37. Rd8+ Rxd8 38. Nxd8 {[%mdl 4096] Endgame KBB-KBN} Bd5 {[#] intending ...Kf8.} 39. Bb4 $1 g5 40. a4 {[%cal Ba2a4,Ba4b5,Bb5b6][%mdl 32]} Kh7 41. Bd6 Kg6 (41... Bb3 {was called for.} 42. Kg2 {[%mdl 64] Trapped Piece} Bxg3 43. Kxg3 Bxa4) 42. b4 Kf6 $2 (42... Bc4 43. Kg2 {[%mdl 64] Trapped Piece} Bxg3 44. Kxg3 Kf5) 43. b5 axb5 44. axb5 Kf5 {[#]} 45. g4+ $1 {[%mdl 576] Discovered Attack} Kxg4 46. Bxh2 Kh3 47. Bg3 Kg4 48. b6 Kf5 49. Ke3 g4 50. Kd4 Bf3 51. b7 Bxb7 52. Nxb7 Ke6 53. Ke4 g6 54. Nc5+ Kf6 55. Kf4 g5+ 56. Kxg4 Kg6 57. Be5 Kf7 58. Kxg5 Ke7 59. Kg6 Kd8 60. Kf7 Kc8 61. Ke6 Kd8 62. Kd6 Kc8 63. Bf4 Kb8 64. Kd7+ Ka8 65. Kc6 Ka7 66. Nd7 Ka8 67. Nb6+ Ka7 68. Be5 Ka6 69. Bb8 Ka5 70. Nd5 {White mates.} Ka4 71. Kc5 Kb3 72. Nb4 Kc3 73. Bf4 {Accuracy: White = 72%, Black = 42%.} 1-0